Les Enfants d` Apollon: Roman de moeurs

Sábháilte in:
Sonraí bibleagrafaíochta
Príomhchruthaitheoir: De Reul, Xavier
Formáid: LEABHAR
Teanga:Undetermined
Foilsithe / Cruthaithe: Bélgica Ediciones Labor 2002
Ábhair:
Clibeanna: Cuir clib leis
Níl clibeanna ann, Bí ar an gcéad duine le clib a chur leis an taifead seo!

MARC

LEADER 00000nam a2200000Ia 4500
008 170316s9999 xx 000 0 und d
040 |a cru BVZT 
090 |a 840 D-5.1e 
100 |a De Reul, Xavier 
245 |a Les Enfants d` Apollon: Roman de moeurs 
260 |a Bélgica 
260 |b Ediciones Labor 
260 |c 2002 
300 |a 398 páginas 
650 |a LITERATURA FRANCESA 
650 |a NOVELA 
999 |c 7651  |d 7651 
942 |c 15 D  |h 840 D-5.1e  |2 z